| 000 | 00401nam a2200145 4500 | ||
|---|---|---|---|
| 001 | 132579 | ||
| 003 | ES-MaACL | ||
| 007 | t| | ||
| 008 | 070214s1967 sp r ||||1| spa d | ||
| 245 | 0 | 0 |
_aRomancero de Germania / _cselección y estudio de José Hesse. |
| 260 |
_aMadrid : _bTaurus, _c1967. |
||
| 300 |
_a175 p. ; _c18 cm. |
||
| 700 | 1 |
_aHesse, José. _963473 |
|
| 852 |
_aES-MaACL _jE-6178 _bR.90694 |
||
| 999 |
_c132579 _d132579 |
||